000 00747nam a2200229 a 4500
001 26567
003 CO-ViMGA
008 141112s2004 ck r 000 u spa d
020 _a9789681649340
040 _aCO-ViMGA
_bspa
_cCO-ViMGA
090 _aC COR1
100 1 _aCorona, Pascuala
_95983
245 1 0 _aEl pozo de los ratones y otros cuentos al calor del fogón /
_cPascuala Corona ; ilustraciones Blanca Dorante
250 _a2
260 _aMéxico :
_bFondo de Cultura Económica
300 _a100 p. : il. : 19 cm.
490 _aA la orilla del viento. Para los que leen bien ; 1
650 1 4 _aCOCINA - - CUENTOS INFANTILES
_95984
650 1 4 _aCUENTOS INFANTILES MEXICANOS
700 1 _aDorante, Blanca, il.
_95985
942 _2ddc
_cBK
999 _c2786
_d2786